| 000 | 00862nam a2200289Ia 4500 | ||
|---|---|---|---|
| 001 | Para_7471 | ||
| 003 | CHAP | ||
| 008 | 220125s1935 xx 000 0 und d | ||
| 010 | _a206359 | ||
| 040 | _cCHAP | ||
| 082 | _aPA-C 632 B85 | ||
| 100 |
_aKnowlton, George F. _963559 |
||
| 245 |
_aGreenhouse fumigation / _c by George F. Knowlton |
||
| 260 |
_aLogan, Utah : _b Utah State Agricultural College. Agricultural Expperiment Station |
||
| 300 | _a4 p. | ||
| 440 |
_aCollege Series ; 472 _9172660 |
||
| 500 | _aEnc. con impresos similares | ||
| 650 |
_aFitopatología _x colecciones de escritos _9172523 |
||
| 650 |
_aInvernaderos _x fumigación _960176 |
||
| 901 | _aPA-C 632 B85 | ||
| 902 | _aA | ||
| 905 | _a0000001935 0000000000 00 | ||
| 910 | _a1935 | ||
| 942 | _cPARA | ||
| 942 |
_cPARA _d1 |
||
| 999 |
_c206359 _d206359 |
||